000 00451nam a2200169Ia 4500
008 240729s9999 xx 000 0 und d
022 _a0973-0311
245 4 _aThe Indian Anaesthetists' Forum
260 _aIndia
260 _bWolters Kluwer Medknow Publications
650 _a Anesthesiology
650 _a Surgery
650 _aMedicine
856 _uhttps://doaj.org/toc/ab16128519c74eabbdb1a376a2bd7784
942 _2ddc
942 _cDOAJEJ
999 _c71626
_d71626
945 _a1
_bMadushi Gamage
_c1
_dMadushi Gamage